000 00329nam a2200133Ia 4500
005 20251222144745.0
008 251222s9999||||xx |||||||||||||| ||spa||
020 _a84-03-09427-2
082 _a828.35/S47/2003/T.II
100 _aShakespeare, William
245 0 _aObras Completas
264 _bEdiciones Generales
942 _cLIB
999 _c19111
_d19111